Identifica el idioma en el mapa mundial - Estadísticas

Estadísticas generales
  • Esta prueba ha sido intentada 4.304 veces
  • La puntuación promedio es 10 de 18
Respuestas en el mapa
Las respuestas están codificadas por una escala verde-roja en el mapa de la prueba según el % correcto abajo.
 
Estadísticas de respuestas
Respuesta % Correcto
Ayer fue a su trabajo para construir un auto rojo.
96%
Yesterday, he went to his job to build a red car.
86%
Ieri è andato al suo lavoro per costruire una macchina rossa.
84%
Hier, il est allé à son travail pour construire une voiture rouge.
82%
Al-bariha dhahaba 'iilaa wazifatih libina'i sayaaratin hamraa'a.
67%
Gestern ging er zu seiner Arbeit, um ein rotes Auto zu bauen.
63%
Wczoraj poszedł do swojej pracy, aby zbudować czerwony samochód.
59%
Kinō kare wa akai kuruma o tsukuru tame ni shigoto ni ikimashita.
57%
Dün kırmızı bir araba yapmak için işine gitti.
52%
Zuótiān tā qù shàngbān qù zào yī liàng hóngsè de qìchē.
52%
Gisteren ging hij naar zijn werk om een rode auto te bouwen.
48%
Vchera on poshel na rabotu, chtoby postroit' krasnuyu mashinu.
45%
Eilen hän meni työpaikalleen rakentamaan punaista autoa.
41%
Í gær fór hann í vinnuna sína að smíða rauðan bíl.
40%
I nehinei ua hele ʻo ia i kāna hana e hana i kaʻa ʻulaʻula.
38%
Eoje geuneun ppalgan chaleul mandeulgi wihae jigjang-e gassda.
33%
Jana alienda kazini kwake kujenga gari jekundu.
32%
Kal voh laal rang ki gaadi banaane apne kaam par gaya tha.
28%
No se encontraron pruebas coincidentes
Distribución de puntuación
Porcentaje de gente con cada puntuación
Porcentaje por número respondido
Historial de tus puntuaciones
No has intentado esta prueba.